000 00690nam a22002057a 4500
008 130821s1943 it gr ita
040 _aCo-BoUCM
_bspa
041 0 0 _aita
092 _aFM 000890
100 _aOttaviani, Alfredo
_9148872
245 0 0 _aLuce di Roma cristiana en diritto
_cAlfredo Ottaviani
260 _aRoma (Italia)
_bTipografia Poliglotta Vaticana
_c1943
300 _a62 páginas
500 _aIncluye bibliografía e índice. -- Este libro se encuentra en el depósito de la biblioteca
650 0 4 _aDerecho civil
_912711
650 0 4 _aDerecho romano
_912827
650 0 4 _aDerecho romano
_xHistoria
_927933
650 0 4 _aHistoria
_97695
942 _cLIBRO
_a27
_e1
_n0
999 _c84814
_d84814